000 00276nam a2200097Ia 4500
008 220204s9999 xx 000 0 und d
082 _a338.19(664)
_bECO
245 0 _aEconomic and commercial reports: Nigeria
260 _aNew Delhi
_bDirectorate of Commercial
_c1968
942 _cBK
999 _c22169
_d22169